Біобібліографія (Запис № 430932)

МАРК-запис
000 -Лідер
fixed length control field 00692nam a22002537a 4500
001 - Контрольний номер
control field 50801
003 - Ідентифікатор контрольного номера
control field UA-OsUOA
005 - Дата та час останнього входження (трансакції)
control field 20191121100233.0
007 - Фіксоване поле фізичного опису
fixed length control field ta
008 - Елементи даних фіксованої довжини – загальна інформація
fixed length control field 20140626b un ||||| |||| 00| 0 ukr d
040 ## - Джерело каталогізації
Агенція оригінальної каталогізації UA-OsUOA
Мова каталогізації ukr
Агенція, яка здійснювала перезапис UA-OsUOA
Агенція, яка здійснювала модифікацію UA-OsUOA
041 ## - Код мови
Код мови тексту/ звукової доріжки чи окремого заголовка (П) ukr
080 ## - Індекс Універсальної десяткової класифікації
Індекс Універсальної десяткової класифікації (УДК) (НП) 01
090 ## - Локальний шифр розміщення
Класифікаційний індекс УДК 01
Авторський знак (НП) О-40
100 ## - Основне введення – ім’я особи
Ім’я особи (НП) Одарченко П.
245 ## - Відомості про назву
Назва (НП) Біобібліографія
260 ## - Публікація, розповсюдження і т.п. (Вихідні дані)
Місце публікації, розповсюдження і т.п. (П) Торонто
-- Едмонтон
Дата публікації, розповсюдження і т.п. (П) 1983
Ім’я/ наймення видавництва, розповсюджувача і т.п. (П) ОУП "Слово"
300 ## - Фізичний опис
Обсяг 80 с.
650 #7 - Додаткове предметне введення – тематичний термін
Джерело заголовка чи терміна UDC
942 ## - Додаткові елементи входу (Коха)
Тип елемента Koha Книги
Source of classification or shelving scheme Universal Decimal Classification
955 ## - Код типу видання за змістом
Код типу видання за змістом (НП) Наукові видання
Фонди
Стан вилучень Стан втрат Джерело класифікації або схеми стелажів Стан уражень Не для кредиту Постійне місце розташування Поточне розміщення Дата придбання Джерело придбання Вартість, звичайна ціна покупки Інвентарний номер Усього замовленно Повний номер виклику Штрих-код Дата останнього перегляду Ціна ефективна від Тип елемента Koha
    Universal Decimal Classification     Наукова бібліотека ІДУД Наукова бібліотека ІДУД 26/06/2014 311/2014 1.00 2136655   01 О-40 2136655 14/09/2019 26/06/2014 Книги
    Universal Decimal Classification     Наукова бібліотека ІДУД Наукова бібліотека ІДУД 16/07/2014 311/2014 1.00 2136802   01 О-40 2136802 14/09/2019 16/07/2014 Книги
    Universal Decimal Classification     Наукова бібліотека ІДУД Наукова бібліотека ІДУД 19/05/2008 116/2007 1.00 2128289   011 О-40 2128289 15/09/2019 19/05/2008 Книги